000 00354nam a22001457a 4500
005 20240603143843.0
008 240603b |||||||| |||| 00| 0 eng d
041 _aeng
100 _aTRIPATHI, DR. G.P
_98428
245 _aTRANSFER OF PROPERTY ACT
260 _aALLAHABAD
_bCENTRAL LAW PUBLICATION
_c2005
300 _a423;p
650 _aLAW
942 _cBK
999 _c8520
_d8518